000 00779nam a2200241Ia 4500
001 59737
003 131658
005 20250402062535.0
008 ||||||n9999 ||| || ||
041 _aspa
100 _aMendoza Castellanos, Jose Arnulfo
_958519
245 0 _aVeeduria ciudadana para el control de la gestion y la inversion publica
260 _aBogotá :
_bEscuela Superior de Administración Pública - ESAP,
_c1998.
300 _a83h
500 _aTesis
562 _e1
650 0 _aCorrupción
_99685
650 _aESPECIALIZACIÓN EN FINANZAS PÚBLICAS--TESIS Y DISERTACIONES ACADÉMICAS
_934486
650 0 _aParticipación ciudadana
_910525
650 _aTESIS Y DISERTACIONES ACADÉMICAS
_982177
650 0 _aVEEDURÍAS
_982178
942 _cTESIS
999 _c59737
_d59737